Responses for show #8389 - Thursday, April 29, 2021

Champion's winnings & consolation amounts matched to Justice Defenders.

Contestants

[<< previous game]

Emily Sands, a vice president of operations from Chanhassen, Minnesota

Colin Beazley, a private investment professional from West Palm Beach, Florida

Leah Caglio, a product manager originally from Phoenix, Arizona (whose 1-day cash winnings total $17,595)

[next game >>]

Jeopardy! Round responses

TO YOUR HEALTH
FORMER CHILD STARS
GEOGRAPHIC TOP 10s
MASTERPIECE/
THEATER
ANNOYING WORD!
DICE ROLL NAMES
    $200 18
calcium

Leah
    $200 1
Daniel Radcliffe

Colin
    $200 6
(Russian) Siberia

Colin
    $200 27
(Anderson: That's right, kind of gives it away.)
[Light laughter]

Death of a Salesman

Colin
    $200 26
a peeve

Emily
    $200 25
2

Colin
    $400 19
vitamin C

Emily
    $400 2
Neil Patrick Harris

Leah
    $1,000 7
the Indian Ocean

Colin
    $400 28
the Genie

Emily
    $400 23
ruffle

Emily
    $400 24
12

Emily
    $600 20
an antioxidant

Emily
    $600 3
Little House on the Prairie

Colin
    $600 8
(Colin: What is Florida?)

Hawaii

ColinEmily
    $600 9
(Gustav) Klimt

Emily
    $600 10
bore

Leah
    $600 15
6

Triple Stumper
    $800 21
a Brussels sprout

Emily
    $800 4
Christian Bale

Emily
    $800 16
Honshu

Colin
    $800 29
The Taming of the Shrew

Colin
    $800 11
bother

Colin
    $800 13
a 7

Emily
    $1000 22
metabolism

Leah
    $1000 5
Diane Lane

Leah
    $1000 17
(Anderson: That's right, they're beautiful.)

the Atlas Mountains

Colin
    $1000 30
(Salvador) DalĂ­

Leah
    $1000 12
chagrin

Emily
    $1000 14
3

Emily

Scores at the first commercial break (after clue 15):

Leah Colin Emily
$2,000 $2,200 $4,800

Scores at the end of the Jeopardy! Round:

Leah Colin Emily
$4,200 $5,200 $8,000

Double Jeopardy! Round responses

HISTORIC GOVERNORS
CHARACTER-TITLED NOVELS
LANGUAGES
POP CULTURE PRIESTS
ORDER IN THE COURT
WHAT'S THE DEAL"IO"?
(Anderson: Responses end in "I-O".)
    $400 26
Reconstruction

Colin
    $400 6
[ERRATUM: "extra-exciting" was misspelled in the clue's wording.]

Carrie

Leah
    $400 11
(Emily: What are India and Sri Lanka?)

India & Bangladesh

ColinEmily
    $400 16
The Simpsons

Colin
    $400 21
in jail

Emily
    $400 1
cheerio

Emily
    $800 27
(Arnold) Schwarzenegger

Emily
    $800 7
(Anderson: That's right, Tom Hanks on screen.)

Forrest Gump

Colin
    $800 12
South Africa

Emily
    $800 17
Father McKenzie

Leah
    $800 22
a restraining order

Leah
    $800 2
an oratorio

Colin
    $1200 29
Illinois

Colin
    $1200 8
Lolita

Colin
    $1200 13
Russian

Colin
    $1200 18
John Malkovich

Leah
    $1200 23
contempt of court

Leah
    $1200 3
radicchio

Leah
    $9,000 28
(Anderson: You do it at the last second; I'm sweating here.)
(Emily: I'm thinking.)
[Laughter]

Calvin Coolidge

Emily
    $1600 9
Anna Karenina

Leah
    $1600 14
Ethiopia

Colin
    $2,200 19
Angels & Demons

Leah
    $1600 24
stay

Emily
    $1600 4
a curio

Leah
    $2000 30
Huey (P.) Long

Colin
    $2000 10
Moll Flanders

Triple Stumper
    $2000 15
Quechua

Leah
    $2000 20
(Anderson: Wow, no one saw it? It's a great show.)
...
(Anderson: The show is Fleabag, I recommend it.)

Andrew Scott

Triple Stumper
    $2000 25
(Emily: What is a cancel order?)

cease and desist

ColinEmily
    $2000 5
nuncio

Triple Stumper

Scores at the end of the Double Jeopardy! Round:

Leah Colin Emily
$17,200 $17,200 $18,600

[wagering suggestions for these scores]

Final Jeopardy! Round responses

ODD WORDS
ColinWhat is queue?
$7,000
LeahWhat is queue?
$13,000
EmilyWhat is Queue?
$18,000
queue

Final scores:

Leah Colin Emily
$30,200 $24,200 $36,600
2nd place: $2,000 3rd place: $1,000 New champion: $36,600

Game dynamics:

Coryat scores:

Leah Colin Emily
$16,600 $16,600 $11,200
16 R
(including 1 DD),
0 W
21 R
(including 1 DD),
1 W
19 R
(including 1 DD),
2 W

Combined Coryat: $44,400

The J! Archive is created by fans, for fans. The Jeopardy! game show and all elements thereof, including but not limited to copyright and trademark thereto, are the property of Jeopardy Productions, Inc. and are protected under law. This website is not affiliated with, sponsored by, or operated by Jeopardy Productions, Inc. Join the discussion at JBoard.tv.